Etica: demostrada según el orden geométrico

محفوظ في:
التفاصيل البيبلوغرافية
المؤلف الرئيسي: Spinoza, Benedictus de (مؤلف)
التنسيق: كتاب
اللغة:الإسبانية
منشور في: Madrid Nacional 1980
سلاسل:Biblioteca de la Literatura y el Pensamiento Universales
الموضوعات:
الوسوم: إضافة وسم
لا توجد وسوم, كن أول من يضع وسما على هذه التسجيلة!

MARC

LEADER 00000nam a2200000 a 4500
001 UCO4535
003 CL-VaPUC
008 000804e19800000SP |||||||||||||||||spa|d
082 0 4 |a 174  |b SPI  |2 21 
100 0 |a Spinoza, Benedictus de  |e author  |9 319727 
245 1 0 |a Etica: demostrada según el orden geométrico 
300 |a 392 p 
942 |c BK 
945 |d 20000804 00:00:00  |a crobeson 
260 |a Madrid  |b Nacional  |c 1980 
650 0 |a Ética  |9 255099 
650 0 |a Filosofía moral   |9 310115 
650 0 |a Comportamiento moral  |9 334569 
650 7 |a DEONTOLOGIA  |2 CL-VaPUC  |9 327933 
583 |a last modification  |c 20000804 00:00:00  |k Rodrigo Vera 
490 0 |a Biblioteca de la Literatura y el Pensamiento Universales 
999 |c 290565  |d 290563 
952 |0 0  |1 0  |4 0  |6 174_000000000000000_SPI_1980  |7 0  |8 A  |9 340075  |a BIBART  |b BIBART  |d 2019-11-20  |i 1213911  |o 174 SPI 1980  |p 1213911  |r 2025-03-13  |w 2019-11-20  |y BK  |k ART